Sobre la vida en otros sistemas planetarios / (Record no. 177880)

MARC details
000 -LEADER
campo de control de longitud fija 01173nam a2200241 i 4500
001 - NÚMERO DE CONTROL
campo de control 177880
003 - IDENTIFICADOR DE NÚMERO DE CONTROL
campo de control ES-MaACL
005 - FECHA Y HORA DE LA ÚLTIMA TRANSACCIÓN
campo de control 20251220171945.0
008 - DATOS DE LONGITUD FIJA--INFORMACIÓN GENERAL
campo de control de longitud fija 110504s1960 mx ad |||| | spa d
080 ## - NÚMERO DE LA CLASIFICACIÓN DECIMAL UNIVERSAL
Número de la Clasificación Decimal Universal 001.94
100 1# - ENTRADA PRINCIPAL--NOMBRE DE PERSONA
Nombre de persona Huang, Su-Shu.
9 (RLIN) 146363
245 10 - MENCIÓN DEL TÍTULO
Título Sobre la vida en otros sistemas planetarios /
Mención de responsabilidad, etc. Huang Su-Shu, Frank D. Drake.
260 ## - PUBLICACIÓN, DISTRIBUCIÓN, ETC.
Lugar de publicación, distribución, etc. México :
Nombre del editor, distribuidor, etc. Universidad Nacional de México,
Fecha de publicación, distribución, etc. 1960.
300 ## - DESCRIPCIÓN FÍSICA
Extensión p. 11-44 :
Otras características físicas gráf. ;
Dimensiones 21 cm.
490 1# - MENCIÓN DE SERIE
Mención de serie Seminario de Problemas Científicos y Filosóficos. Suplemento ;
Designación de volumen o secuencia 2ª serie ;
-- 22
505 8# - NOTA DE CONTENIDO CON FORMATO
Nota de contenido con formato Contiene: ;
Título La existencia de la vida en el universo /
Mención de responsabilidad Huang Su-shu. --
Título ¿Cómo podemos detectar las transmisiones de radio provenientes de sistemas planetarios lejanos? /
Mención de responsabilidad Frank D. Drake. --
Título La vida fuera del sistema solar /
Mención de responsabilidad Huang Su-shu
650 07 - PUNTO DE ACCESO ADICIONAL DE MATERIA--TÉRMINO DE MATERIA
Término de materia o nombre geográfico como elemento de entrada Vida en otros planetas
Fuente del encabezamiento o término embne
9 (RLIN) 17792
700 1# - ENTRADA AGREGADA--NOMBRE PERSONAL
Nombre de persona Drake, Frank D.
9 (RLIN) 146364
710 2# - ENTRADA AGREGADA--NOMBRE DE ENTIDAD CORPORATIVA
Nombre de entidad corporativa o nombre de jurisdicción como elemento de entrada Universidad Nacional Autónoma de México.
9 (RLIN) 7397
830 0# - PUNTO DE ACCESO ADICIONAL DE SERIE-TÍTULO UNIFORME
Título uniforme Seminario de Problemas Científicos y Filosóficos. Suplementos
Designación de volumen o secuencia 2ª serie ;
-- 22
9 (RLIN) 190619
852 ## - LOCALIZACIÓN
Ubicación ES-MaACL
Número de control de estantería 2297-F-29
Encuadernación Olim P-902
Holdings
Estatus retirado Estado de pérdida Estado de daño No para préstamo Colección Biblioteca de origen Biblioteca actual Ubicación en estantería Fecha de adquisición Fuente de adquisición Total de préstamos Signatura topográfica completa Código de barras Visto por última vez Precio de reemplazo Tipo de ítem Koha
        Colección de folletos Biblioteca del Ateneo de Madrid Biblioteca del Ateneo de Madrid Depósito folletos 04/05/2011     2297-F-29 1186866 23/02/2023 23/02/2023 Folleto